| 000 | 00899nam a2200217Ia 4500 | ||
|---|---|---|---|
| 003 | Ost | ||
| 005 | 20260507075110.0 | ||
| 008 | 260507s9999||||xx |||||||||||||| ||und|| | ||
| 040 | _cfsecg | ||
| 041 | _aara | ||
| 082 | _a330 | ||
| 100 |
_aمنصور، محمد حسين _eمؤلف |
||
| 245 | 0 |
_aالنظرية العامة الائتمان / _c محمد حسين منصور |
|
| 260 |
_aالاسكندارية: _bدار الجامعية الجديدة للنشر, _c2001 |
||
| 300 | _c24 سم | ||
| 490 | _aالمكتبة القانونية | ||
| 520 | _aفي هذا الكتاب : صور الائتمان وضمانة الوسائل التقليدية والحديثة لحمايته الكفالة ، الرهن الرسمي ن حق الاحتصاص ، الرهن الحيازي ، خقوق الامتياز | ||
| 653 | _aائتمان | ||
| 653 | _aالكفالة | ||
| 942 | _cكتاب | ||
| 999 |
_c42884 _d42884 |
||